01291nam a22001097a 4500008004100000100001900041245007200060260003400132300003400166520094700200773003401147260505b ||||| |||| 00| 0 eng d aMathur, Anjali aTowards restoring justice: Rehabilitation of vulnerable undertrials aEconomic & Political Weekly  a61(16), Apr 18, 2026: p.10-12 aViolence, in the form of terror offences, has become a persistent threat to the security of the world today. The state in India has sought to devise laws that can effectively curb such threats. However, in pursuit of this objective, many who are falsely incarcerated not only suffer from long periods of confinement in prisons but also experience a long term, debilitating impact on their lives, making reintegration into society extremely difficult. The exceptional provisions in these laws as well as the lack of a solid blueprint on the rehabilitation of such prisoners, result in a travesty of justice and human suffering that is ignored. This article explores the ways in which the rehabilitation of vulnerable undertrials could be centred in the legal discourse and practice to restore some sense of justice and human rights in our society.-Reproduced https://www.epw.in/journal/2026/16/law-and-society/towards-restoring-justice.html  aEconomic & Political Weekly